000 01039cam a22003257a 4500
003 CHAP
005 20220329132947.0
008 971013s1989 r 00010 d
010 _a690
011 _a1662
035 _a838
040 _cCHAP
090 _aFolleto 12445
100 0 0 _aLópez Villafañe, Víctor.
_968414
245 1 3 _aLa dinámica del sistema político en la coyuntura actual en México
260 _aNagoya, Japón :
_bUniversidad de Nanzan. Centro de Estudios de América Latina,
_c1989
300 _a32 p.
490 0 _aMonografía
_v; 7
500 _a37-164
590 _aBATCH-UPD
_b10
_c20130110
_lUCH01
_h1807
590 _aBATCH-UPD
_b10
_c20130410
_lUCH01
_h1142
590 _aBATCH-UPD
_b10
_c20130914
_lUCH01
_h1825
590 _aBATCH-UPD
_b10
_c20161124
_lUCH01
_h1707
590 _aCONVERSION
_b10
_c20130109
_lUCH01
_h1302
651 4 _aMéxico
_xPolítica y gobierno.
_976783
830 0 _aMonografía
_v; 7
_977546
901 _aBK
942 _cFOLL
949 _aFolleto 12445
_bBC
_cFOLL
_d-10297
_eTS1
_i838
_si
999 _c690
_d690